000 03011cam a22006738i 4500
001 ocn958141385
003 OCoLC
005 20200320202558.0
008 160907t20172016meu db 000 1deng
010 _a 2016041098
020 _a9781410495952
_q(hardcover)
020 _a1410495957
_q(hardcover)
020 _c35.99
035 _a(OCoLC)958141385
040 _aDLC
_beng
_erda
_cDLC
_dOCLCO
_dBTCTA
_dCLE
_dOCLCF
_dOCLCO
_dORX
_dIK2
_dBKL
_dFEM
_dJNE
_dIHX
_dNDS
_dVHP
_dPFLCL
_dWACOL
042 _apcc
043 _an-ust--
049 _aWACL
050 1 0 _aPS3557.R56
_bP37 2016b
082 0 0 _a813/.54
_223
084 _aFIC014000
_2bisacsh
092 _aFLP
_bGro
100 1 _aGroom, Winston,
_d1944-
_eauthor.
_94827
245 1 0 _aEl Paso /
_cWinston Groom.
250 _aLarge print edition.
264 1 _aWaterville, Maine :
_bThorndike Press,
_c2017.
264 4 _c©2016
300 _a817 pages (large print) ;
_c23 cm.
336 _atext
337 _aunmediated
338 _avolume
340 _nlarge print
_2rda
490 0 _aThorndike Press large print basic
504 _aIncludes bibliographical references (pages 809-813).
520 _aThis book pits the legendary Pancho Villa, a much-feared outlaw and revolutionary, against a thrill-seeking railroad tycoon known as the Colonel, whose fading fortune is tied up in a colossal ranch in Chihuahua, Mexico. But when Villa kidnaps the Colonel's grandchildren in the midst of a cattle drive, and absconds into the Sierra Madre, the aging New England patriarch and his adopted son head to El Paso, hoping to find a group of cowboys brave enough to hunt the Generalissimo down.
600 1 0 _aVilla, Pancho,
_d1878-1923
_vFiction.
_95933463
600 1 7 _aVilla, Pancho,
_d1878-1923.
_2fast
_0(OCoLC)fst00004328
_95933464
650 0 _aKidnapping
_vFiction.
_95673693
650 0 _aOutlaws
_vFiction.
_95675109
650 0 _aFrontier and pioneer life
_zSouthwest, New
_vFiction.
_95933465
651 0 _aEl Paso (Tex.)
_xHistory
_y20th century
_vFiction.
_95933466
650 7 _aFrontier and pioneer life.
_2fast
_0(OCoLC)fst00935370
_95933467
650 7 _aKidnapping.
_2fast
_0(OCoLC)fst00987322
_95933468
650 7 _aOutlaws.
_2fast
_0(OCoLC)fst01049233
_95933469
651 7 _aSouthwest, New.
_2fast
_0(OCoLC)fst01244556
_95933470
650 7 _aFICTION / Historical.
_2bisacsh
_95673672
650 4 _aLarge type books.
_95933471
655 0 _aLarge type books.
_95933472
655 7 _aHistorical fiction.
_2lcgft
_95933473
655 7 _aWestern fiction.
_2lcgft
_95687771
655 7 _aAction and adventure fiction.
_2lcgft
_95687309
655 7 _aWestern stories.
_2gsafd
_95933474
655 7 _aFiction.
_2fast
_0(OCoLC)fst01423787
_95673940
938 _aBaker and Taylor
_bBTCP
_nBK0019577912
942 _cBOOK
_06
948 _a02/10/2017
_zSirsi
994 _aC0
_bWACOL
996 _a138032
_b34301001485798
_cFLP
_dbk
_ewcl
_fi
_g6
_h35.99
_lgale
_mGro
_p02/10/2017
_q01/11/2020
_r01/03/2020
999 _c297499
_d297498